| 000 | 00693nam a22002297a 4500 | ||
|---|---|---|---|
| 005 | 20170124105935.0 | ||
| 010 | _a890585 | ||
| 020 | _c00.00 | ||
| 035 | _a890585 | ||
| 037 | _bCen Lib/Ret | ||
| 040 |
_aDPL _bEN |
||
| 082 | _a301.243 | ||
| 100 |
_aPavaskar,Madhoo _99564 |
||
| 245 |
_aSecond India studies communications / _cby Madhoo Pavaskar [and] R.R.Kulkarni |
||
| 260 |
_aBombay _bPopular prakashan _c1978 |
||
| 270 |
_a35C,Tardeo road _bBombay _e400034 |
||
| 300 |
_aviii,100p. _c21cm(Hb) |
||
| 650 |
_aCommunication and traffic _99565 |
||
| 650 |
_aCommunication and traffic-India _99566 |
||
| 700 |
_99471 _aKulkarni,R.R. |
||
| 942 |
_2ddc _cEN _h301.243 _mPAV |
||
| 999 |
_c124153 _d124153 |
||